| 000 | 00952nam a22002657a 4500 | ||
|---|---|---|---|
| 003 | DO-SdBNP | ||
| 005 | 20240321112818.0 | ||
| 006 | a||||br|||| 00| 0 | ||
| 007 | ta | ||
| 008 | 110301s2007 dr a 000 0 spa d | ||
| 040 |
_aDO-SdBNP _bspa _cBNPHU _erda |
||
| 082 | 4 |
_bL937d _222 |
|
| 100 | 1 |
_aLuciano López, Margarita, _d1950- _984993 |
|
| 245 | 1 | 3 |
_aEl día en que llevaron la electricidad al parque de la Ciénega. / _cMargarita Luciano López ; portada e ilustraciones, Miguel Sánchez Tío |
| 250 | _a3a. edición | ||
| 264 | 1 |
_aSanto Domingo : _bGrafica Javier, _c2007 |
|
| 300 |
_a23 páginas : _bIlustraciones ; _c22 cm. |
||
| 336 |
_2rdacontent _atexto _btxt |
||
| 337 |
_2rdamedia _asin medición _bn |
||
| 338 |
_2rdacarrier _avolumen _bnc |
||
| 500 | _aIncluye datos biográficos de la autora en la contraportada. | ||
| 590 | _aInventariado, 2023 / MF | ||
| 700 | 1 | 2 |
_aSánchez Tío, Miguel _eilustraciones _981437 |
| 942 |
_2ddc _cLF2 |
||
| 999 |
_c52520 _d52520 |
||